000 00628nam a22002177a 4500
999 _c10331
_d10331
003 AR-CdUCM
008 190329b ||||| |||| 00| 0 spa d
040 _aMUNICIPALIDAD PROVINCIAL DEL CUSCO
_cBIBLIOTECA MUNICIPAL DEL CUSCO
082 _aES / 800 /
_bB31
100 _aBecquer, Gustavo Adolfo
_96464
245 _aRimas y leyendas /
260 _aLima :
_bMercurio,
_c1988.
300 _a186 paginas ;
_c17 cm.
440 _aLeo.
_927117
505 _aContenido :Rimas y leyendas.
650 _aLiteratura peruana.
_9169
650 _aRimas.
_925891
650 _aLeyendas.
_92226
942 _2ddc
_cLIBROS
945 _arum